000 nam a22 a 4500
999 _c390395
_d390395
003 BLK
005 20201021122301.0
008 180408b bul|||||r ||||||| ||bul||
010 _aKNG00047748000
040 _aBLK
041 _aRUS
_cRUS
080 _aСредновековна и нова обща история
_b94
_z94
100 _91299
_aВебер, Георг
_eпърви автор
139 _aВебер, Георг
245 1 0 _aВсеобщая история
_bТ. 1-
_cГеорга Вебера; Пер. Андреев.
_nТ. 2
250 _a2. изд. рус. пер., перераб
257 _aRUS
260 _bК. Т. Солдатенков
_c1890-1896
_aМосква
_9218077
300 _c22 см
_a955 с.
380 _a9
490 _9435080
_aКолекция Редки и ценни издания
650 0 _aИстория
_9396464
659 _aЦ
760 1 _d1886
_h955 с.
852 _aРр 886
_bРц
856 4 _qpdf
942 _cKNG
_n0
_s1
944 _aCR
_c08.06.2011
_lф /
_kЛюдмила_Стоянова
944 _aED
_c2020-10-21
999 _d43991